Dusty Rhodes career opponents - Statistics

General Stats
  • This quiz has been taken 236 times
    208 since last reset
  • The average score is 72 of 166
Answer Stats
Answer % Correct
Ric Flair
100%
"Million Dollar Man" Ted Dibiase
98%
David Flair
93%
"Macho Man" Randy Savage
93%
Harley Race
88%
Hulk Hogan
88%
Ivan Koloff
88%
Nikita Koloff
88%
Arn Anderson
86%
Ole Anderson
86%
"Ravishing" Rick Rude
86%
"Superstar" Billy Graham
86%
Barry Windham
84%
"Cowboy" Bob Orton
84%
Gene Anderson
84%
Joe Blanchard
81%
Randy Orton
81%
Tully Blanchard
81%
Dory Funk Jr.
79%
Dory Funk Sr.
79%
Jake "The Snake" Roberts
79%
Terry Funk
79%
Lex Luger
77%
Nikolai Volkoff
77%
"Rowdy" Roddy Piper
77%
Big Bossman
74%
Dick Murdoch
74%
Andre the Giant
72%
Bob Backlund
72%
Greg "The Hammer" Valentine
72%
Bobby Eaton
70%
Butch Reed
70%
Jerry "The King" Lawler
70%
Paul Orndorff
70%
Johnny Valentine
67%
King Kong Bundy
67%
Stan Lane
67%
Abdullah the Butcher
65%
David Von Erich
65%
Stan Hansen
65%
"Superfly" Jimmy Snuka
65%
Thunderbolt Patterson
65%
Waldo Von Erich
65%
Blackjack Mulligan
63%
Brian Lawler
63%
Don Muraco
63%
Kamala
63%
Kevin Sullivan
63%
Larry Hennig
63%
One Man Gang
63%
Rick Martel
63%
The Iron Sheik
63%
The Warlord
63%
Antonio Inoki
60%
Big John Studd
60%
Dick Slater
60%
Jack Brisco
60%
Jeff Jarrett
60%
Jerry Brisco
60%
Paul Jones
60%
Virgil
60%
Wahoo McDaniel
60%
Animal
58%
Bill Watts
56%
Bruiser Brody
56%
Nick Bockwinkel
56%
The Barbarian
56%
The Honkytonk Man
56%
Jimmy Garvin
53%
Rufus R. Jones
53%
Terry Gordy
53%
George "The Animal" Steele
51%
Jim Duggan
51%
Shohei "Giant" Baba
51%
Tatsumi Fujinami
51%
Larry Zbyszko
49%
The Sheik
49%
Chavo Guerrero
47%
Jimmy Valiant
47%
Sgt. Slaughter
47%
Stan Stasiak
47%
The Masked Superstar
47%
Ron Bass
44%
Angelo Mosca
42%
Bobby Duncum
42%
Ernie Ladd
42%
MIke Rotunda
42%
Mr. Wrestling
42%
Ken Patera
40%
Peter Maivia
40%
Ray Stevens
40%
The Crusher
40%
A.J. Styles
37%
Maurice "Mad Dog" Vachon
37%
Paul "Butcher" Vachon
37%
Steve Corino
35%
The Spoiler
35%
Mr. Perfect
33%
Pat O'Connor
33%
Riki Choshu
33%
Boris Malenko
30%
The Assassin
30%
The Missing Link
30%
Al Perez
28%
Baron Von Raschke
28%
Barry Horowitz
28%
Boris Zhukov
28%
Buzz Sawyer
28%
J.J. Dillon
28%
Lou Thesz
28%
Masa Saito
28%
Adrian Street
26%
Bill Dundee
26%
Grizzly Smith
26%
Prof. Toru Tanaka
26%
Buddy Landell
23%
Don Kernodle
23%
Tiger Jeet Singh
23%
Capt. Lou Albano
21%
Gino Hernandez
21%
Ox Baker
21%
Rene Goulet
21%
The Brooklyn Brawler
21%
Dick the Bruiser
19%
Johnny Rodz
19%
Krusher Kruschev
19%
Killer Khan
16%
Ron Fuller
16%
Jack Victory
14%
Rusher Kimura
14%
Baron Mikel Scicluna
12%
Bugsy McGraw
12%
Haystacks Calhoun
12%
Mr. Fuji
12%
"Sailor" Art Thomas
12%
Swede Hanson
12%
The Great Kabuki
12%
Jose Estrada
9%
Paul Diamond
9%
Spiros Arion
9%
Strong Kobayashi
9%
Jose Lothario
7%
King Curtis Iaukea
7%
The Mongolian Stomper
7%
Billy Robinson
5%
Black Bart
5%
Glen Gilbertti
5%
Hiro Matsuda
5%
Seiji Sakaguchi
5%
Billy Red Lyons
2%
Conquistador Dos
2%
Danny Hodge
2%
Gangrel
2%
Jos LeDuc
2%
Karl Kox
2%
Kendo Nagasaki
2%
Kid Kash
2%
Red Bastien
2%
Samula
2%
Scott D'Amore
2%
Spirit Squad Nicky
2%
Super Destroyer
2%
The Big Steele Man
2%
The Russian Assassin
2%
Tiger Toguchi
2%
Wilbur Snyder
2%
No matching quizzes found
Score Distribution
Percent of People with Each Score
Percentile by Number Answered
Your Score History
You have not taken this quiz since the last reset